India and its native princes : (Record no. 63557)

MARC details
000 -LEADER
fixed length control field 02042nam a22002897a 4500
005 - DATE AND TIME OF LATEST TRANSACTION
control field 2012022806306.0
010 ## - LCCN (DPL NO)
LC control number ENG-104825 B-460747-751
020 ## - INTERNATIONAL STANDARD BOOK NUMBER
International Standard Book Number 9788192091204
Terms of availability 795.00
035 ## - SYSTEM CONTROL NUMBER
System control number EN-88358 B-460747-751
037 ## - SOURCE OF ACQUISITION
Source of stock number/acquisition DBAD/PUB
082 ## - DEWEY DECIMAL CLASSIFICATION NUMBER
Classification number 915.4
100 ## - MAIN ENTRY--PERSONAL NAME
Personal name Rousselet, Louis
Dates associated with a name 1845-1929
245 ## - TITLE STATEMENT
Title India and its native princes :
Statement of responsibility, etc by Louis Rousselet ; revised and edited by Lieut Col. Buckle
Remainder of title travels in central India and in the presidencies of Bombay and Bengal /
260 ## - PUBLICATION, DISTRIBUTION, ETC. (IMPRINT)
Place of publication, distribution, etc New Delhi
Name of publisher, distributor, etc Niyogi Books
Date of publication, distribution, etc 2011
270 ## - ADDRESS
Address D-78, Okhla Industrial Area, Phase-I
City New Delhi
Postal code 110020
300 ## - PHYSICAL DESCRIPTION
Extent xviii,619p. :
Dimensions 25cm(Hb)
Other physical details ill., maps
600 ## - SUBJECT ADDED ENTRY--PERSONAL NAME
Personal name Rousselet, Louis
Dates associated with a name 1845-1929
General subdivision Travel
Geographic subdivision India.
700 ## - ADDED ENTRY--PERSONAL NAME
Personal name Buckle, Charles Randolph
9 (RLIN) 43140
Dates associated with a name 1835-1920
942 ## - ADDED ENTRY ELEMENTS (KOHA)
Source of classification or shelving scheme Dewey Decimal Classification
Item type English Books
Classification part 915.4
Call number suffix ROU
Holdings
Withdrawn status Lost status Not for loan Collection code Home library Current library Date acquired Source of acquisition Cost, normal purchase price Full call number Barcode Copy number Cost, replacement price Koha item type
      Non-fiction Central Library Central Library 22/08/2012 Virtuous Pub/IN935/04.02.2012/28/18.01.2012/10.02.2012 795.00 915.4 ROU B-460747 1 795.00 English Books
    Not For Loan Non-fiction D.B.Act.Division D.B.Act.Division 28/02/2012 DBAD/PUB 795.00 915.4 ROU EN-88358 1 795.00 English Books
  Written-off vide DLB M. No. 383 dt 16.05.19   Non-fiction Karol Bagh Karol Bagh 22/08/2012 Virtuous Pub/IN935/04.02.2012/28/18.01.2012/10.02.2012 795.00 915.4 ROU B-460750 1 795.00 English Books
      Non-fiction Patel Nagar Patel Nagar 22/08/2012 Virtuous Pub/IN935/04.02.2012/28/18.01.2012/10.02.2012 795.00 915.4 ROU B-460748 1 795.00 English Books
      Non-fiction Sarojini Nagar Sarojini Nagar 22/08/2012 Virtuous Pub/IN935/04.02.2012/28/18.01.2012/10.02.2012 795.00 915.4 ROU B-460749 1 795.00 English Books
      Non-fiction Shahdara Branch Shahdara Branch 22/08/2012 Virtuous Pub/IN935/04.02.2012/28/18.01.2012/10.02.2012 795.00 915.4 ROU B-460751 1 795.00 English Books

© Delhi Public Library
Hit Counter
free hit counter